header

The legal methodology of late Nehardean sages in Sasanian Babylonia (Record no. 115189)

MARC details
000 -LEADER
fixed length control field 01582nam a2200397 a 4500
082 04 - DEWEY DECIMAL CLASSIFICATION NUMBER
Classification number 296.1/20092235
100 1# - MAIN ENTRY--AUTHOR NAME
Personal name Cohen, Barak S.
245 14 - TITLE STATEMENT
Title The legal methodology of late Nehardean sages in Sasanian Babylonia
260 ## - PUBLICATION, DISTRIBUTION, ETC. (IMPRINT)
Place of publication Leiden ;
-- Boston :
Name of publisher Brill,
Year of publication c2011.
300 ## - PHYSICAL DESCRIPTION
Number of Pages xii, 221 p.
490 1# - SERIES STATEMENT
Series statement Brill reference library of Judaism,
650 #0 - SUBJECT ADDED ENTRY--TOPICAL TERM
Topical Term Jewish law
Topical Term Jewish law
Topical Term Amoraim.
Topical Term Rabbis
Topical Term Judaism
856 40 - ELECTRONIC LOCATION AND ACCESS
Uniform Resource Identifier http://site.ebrary.com/lib/rucke/Doc?id=10470630

No items available.

© 2026 Rongo University
Contact us: librarian | system librarian | Rongo university